NBA First Names - Statistics

General Stats
  • This quiz has been taken 49 times
  • The average score is 24 of 30
Answer Stats
First Name Last Name % Correct
Kobe Bryant
95%
Nikola Jokic
95%
Kawhi Leonard
95%
Klay Thompson
95%
Larry Bird
93%
Wilt Chamberlain
93%
Yao Ming
93%
Dwyane Wade
91%
Elgin Baylor
89%
Pau Gasol
89%
Stephen Curry
86%
Clyde Drexler
86%
Allen Iverson
86%
Rajon Rondo
86%
Dominique Wilkins
86%
Dirk Nowitzki
84%
Julius Erving
82%
Gilbert Arenas
80%
Manu Ginobili
80%
Dikembe Mutombo
80%
Hakeem Olajuwon
80%
Earvin Johnson
77%
Giannis Antetokounmpo
75%
Paolo Banchero
70%
Arvydas Sabonis
70%
Willis Reed
68%
Grant Hill
66%
Peja Stojakovic
66%
Maurice Cheeks
57%
Victor Webanyama
5%
No matching quizzes found
Score Distribution
Percent of People with Each Score
Percentile by Number Answered
Your Score History
You have not taken this quiz